Stoke City Premier League XIs - Statistics

General Stats
  • This quiz has been taken 308 times
  • The average score is 51 of 110
Answer Stats
Position Answer % Correct
ST Peter Crouch
87%
DF Ryan Shawcross
79%
GK Jack Butland
72%
MF | ST Xherdan Shaqiri
69%
GK Asmir Begović
67%
MF Marko Arnautović
65%
MF Rory Delap
59%
MF Charlie Adam
54%
DF Robert Huth
53%
ST Jonathan Walters
52%
ST Jon Walters
52%
ST Mame Biram Diouf
48%
DF Erik Pieters
47%
MF Glenn Whelan
47%
DF Glen Johnson
44%
ST Kenwyne Jones
43%
ST Ricardo Fuller
43%
GK Thomas Sørensen
42%
MF Joe Allen
41%
MF Matthew Etherington
39%
MF Steven Nzonzi
32%
ST Bojan Krkić
30%
DF Geoff Cameron
30%
DF Phil Bardsley
30%
DF Marc Wilson
28%
DF Abdoulaye Faye
25%
MF Eric Maxim Choupo-Moting
25%
MF Jermaine Pennant
25%
GK Lee Grant
25%
DF Andy Wilkinson
23%
MF Darren Fletcher
23%
MF Liam Lawrence
21%
DF Danny Higginbotham
20%
MF Dean Whitehead
20%
MF Ibrahim Afellay
20%
DF Kurt Zouma
18%
DF Bruno Martins Indi
15%
ST James Beattie
15%
DF Philipp Wollscheid
13%
DF Ryan Shotton
13%
DF Danny Collins
9%
MF Salif Diao
9%
DF Jonathan Woodgate
7%
No matching quizzes found
Score Distribution
Percent of People with Each Score
Percentile by Number Answered
Your Score History
You have not taken this quiz